| Registos Bibliográficos associados ao registo de autoridade |
|
Etiqueta de registo: 00000nkm 2200025 450 001 2282024 003 http://id.bnportugal.gov.pt/bib/catbnp/2282024 100 ## $a20260320d1983 m y0pory01030103ba 101 0# $apor 102 ## $aPT 200 1# $aIV Festival de Teatro D'Outono, Santarém, 1983$bVisual gráfico]$fAssociação Regional de Santarém do Teatro de Amadores, Associação Portuguesa do Teatro
de Amadores 210 #9 $aSantarém$cAssociação Regional de Santarém do Teatro de Amadores,$d1983$eSantarém:$gGaldete, Lda.) 215 ## $a1 cartaz$ccolor.$d49x34 cm 317 ## $aColeção Madeira Luís 710 02 $aFestival de Teatro D'Outono,$d4$eSantarém$f1983$31992694 711 02 $aAssociação Portuguesa do Teatro de Amadores$3289435 712 02 $aAssociação Regional de Santarém do Teatro de Amadores$31992692 801 #0 $aPT$bBN$gRPC 966 ## $lBN$mICONOG$sCT. 16792 V.$x3 971 ## $cCatmusica8$d20260320 995 ## $aPRR2026
|
|
|